Tratado de auditoría (Registro nro. 2101)
[ vista simple ]
| 000 -CABECERA | |
|---|---|
| campo de control de longitud fija | 00829aam a2200289 4500 |
| 005 - FECHA Y HORA DE ACTUALIZACIÓN | |
| campo de control | 20220126130647.0 |
| 008 - LONGITUD FIJA | |
| campo de control de longitud fija | 150722b xxu||||| |||| 00| 0 spa d |
| 041 ## - IDIOMA | |
| Código de idioma del texto/pista de sonido o título separado | |
| 082 ## - CLASIFICACIÓN DECIMAL DEWEY | |
| Número de clasificación | 657.45 F786t3 |
| 100 ## - AUTOR PERSONAL | |
| Nombre de persona | Fowler Newton, Enrique |
| 245 ## - TÍTULO PROPIAMENTE DICHO | |
| Título | Tratado de auditoría |
| 250 ## - EDICIÓN | |
| Mención de edición | 3 edición |
| 260 ## - PIE DE IMPRENTA | |
| Lugar de publicación, distribución, etc. | Argentina |
| Nombre del editor, distribuidor, etc. | La Ley |
| Fecha de publicación, distribución, etc. | 2004 |
| 300 ## - DESCRIPCIÓN FÍSICA | |
| Extensión | 483-1028 páginas |
| 505 ## - Nota de Contenido | |
| Nota de contenido | Tomo II<br/>Contiene disco compacto N° 371 |
| 650 ## - Materia General | |
| Materia general | AUDITORÍA |
| 650 ## - Materia General | |
| Materia general | ESTADOS CONTABLES |
| 650 ## - Materia General | |
| Materia general | NORMAS DE AUDITORÍA |
| 650 ## - Materia General | |
| Materia general | INDEPENDENCIA |
| 650 ## - Materia General | |
| Materia general | ÉTICA |
| 650 ## - Materia General | |
| Materia general | CONTROL DE CALIDAD |
| 650 ## - Materia General | |
| Materia general | AUDITOR |
| 650 ## - Materia General | |
| Materia general | PROCEDIMIENTOS DE AUDITORÍA |
| 650 ## - Materia General | |
| Materia general | MUESTREO |
| 650 ## - Materia General | |
| Materia general | MOVIMIENTOS CONTABLES |
| 942 ## - Punto de Acceso Adicional Koha | |
| Tipo de ítem Koha | Libro |
| Estado perdido | Estado dañado | No para préstamo | Biblioteca permanente | Biblioteca actual | Signatura completa | Código de barras | Precio efectivo a partir del | Tipo de ítem |
|---|---|---|---|---|---|---|---|---|
| Departamento de Biblioteca y Documentación Alfonso Chase Brenes | Departamento de Biblioteca y Documentación Alfonso Chase Brenes | 657.45 F786t3 | 11661 | 05/09/2016 | Libro | |||
| Departamento de Biblioteca y Documentación Alfonso Chase Brenes | Departamento de Biblioteca y Documentación Alfonso Chase Brenes | 371 DC | 371DC | 14/10/2019 | Disco Compacto |